一駅あたりの人口TOP50・ワースト50-関東- - Statistics

General Stats
  • This quiz has been taken 27 times
  • The average score is 50 of 100
Answer Stats
順位 人口/駅数 自治体名 % Correct
1 257696 平塚市
81%
6 2547.3 千代田区
76%
19 65839.75 つくば市
71%
4 113612 ふじみ野市
67%
5 111470 厚木市
67%
20 65470.67 三鷹市
67%
34 47095.33 三郷市
67%
20 3713.07 銚子市
67%
6 100717 伊勢原市
62%
7 94780 八潮市
62%
9 84769 和光市
62%
10 83080 新座市
62%
11 81691.67 茅ヶ崎市
62%
13 75839 蕨市
62%
14 75215 武蔵野市
62%
16 74475 川口市
62%
21 64170 北本市
62%
25 57083.5 上尾市
62%
33 47180 土浦市
62%
45 42259 越谷市
62%
1 822 奥多摩町
62%
7 2550.96 日光市
62%
24 4968.91 秩父市
62%
29 5343.17 南房総市
62%
47 7482 那須町
62%
48 7727.71 港区
62%
2 136272 古河市
57%
17 73636 桶川市
57%
22 63483.64 江戸川区
57%
24 60853 蓮田市
57%
29 48200.67 朝霞市
57%
31 47613.67 戸田市
57%
37 45110.63 相模原市
57%
38 44295.33 国分寺市
57%
44 42348.67 練馬区
57%
48 41741.6 西東京市
57%
4 1538.75 長瀞町
57%
8 2574.17 みなかみ町
57%
13 3034.5 鋸南町
57%
19 3705.75 勝浦市
57%
21 4248.5 皆野町
57%
34 5891.2 鴨川市
57%
42 6468.27 桐生市
57%
45 6979 中之条町
57%
15 75095 志木市
52%
23 62640.75 草加市
52%
27 53165 水戸市
52%
30 48034.11 町田市
52%
40 43834.3 柏市
52%
49 41528 牛久市
52%
10 2749 嬬恋村
52%
14 3240.9 いすみ市
52%
15 3415.67 寄居町
52%
17 3631.5 芳賀町
52%
22 4420.6 那須烏山市
52%
30 5436 下仁田町
52%
3 114880 東久留米市
48%
12 77067 清瀬市
48%
18 68542 大田原市
48%
26 55323.67 小山市
48%
36 46390.5 東松山市
48%
39 43985.33 座間市
48%
41 42872.33 小金井市
48%
43 42400.53 さいたま市
48%
47 41835 狛江市
48%
23 4759.3 みどり市
48%
28 5223.5 茂木町
48%
39 6021 真鶴町
48%
32 47524.5 四街道市
43%
42 42520 杉戸町
43%
50 39997.75 秦野市
43%
3 1160.25 長野原町
43%
9 2681.8 大子町
43%
18 3676 横瀬町
43%
25 5023.75 酒々井町
43%
32 5516.75 富岡市
43%
36 5947.33 常陸大宮市
43%
46 7251 鉾田市
43%
8 94369.5 熊谷市
38%
28 48250 幸手市
38%
5 1543.43 箱根町
38%
11 2786.75 東吾妻町
38%
38 5977.5 一宮町
38%
40 6294 御宿町
38%
46 42032.6 伊勢崎市
33%
2 985.13 大多喜町
33%
12 2975 山北町
33%
26 5098.5 越生町
33%
27 5108 松田町
33%
41 6421.83 富津市
33%
43 6484.5 南足柄市
33%
49 8312.86 常総市
33%
16 3478 市貝町
29%
33 5734.11 那珂市
29%
35 5932.5 甘楽町
29%
50 8459.5 毛呂山町
29%
35 46396 小美玉市
24%
31 5499 神崎町
24%
37 5955.5 東庄町
24%
44 6499 芝山町
24%
No matching quizzes found
Score Distribution
Percent of People with Each Score
Percentile by Number Answered
Your Score History
You have not taken this quiz